zpět

Detail výsledku týmu

BarBar, Ostrava

Datum a čas kvízu

38 Celkem bodů Celkový počet nahraných bodů na tomto kvízu bez doplňovacích otázek.
1. Pořadí na kvízu Konečné umístění týmu na tomto kvízu.

Zaznamenané odpovědi

# Otázka Odpověď Body Výsledky
1. Minulý týden se v pražských Z... Bolt 1
2. Ke dvěma a půl letům vězení by... D 0
3. Jedno z nejnovějších děl umělc... C) ve Veselí nad Moravou 1
4. Někteří obyvatelé Německa, pře... kebab 1
5. Po dvanáctidenní plavbě dovezl... Marseille 0
6. Podíváme se do zemí či krajů,... Muž z Acapulca 1
7. Jak se nazývá chudé království... A) Monte Albo 1
8. Nyní se podíváme do malé vesni... Kyselá prdel (Bad Ass) 0
9. Přiřaďte tyto postavy z knižní... 1C 2D 3B 4A 0
10. Které drama režiséra Vladimíra... Je třeba zabít Sekala 1